000 00390nam a2200157Ia 4500
008 230917s9999||||xx |||||||||||||| ||und||
040 _e74681
_aMAIN
041 _aEnglish
082 _a338.6 K811I
100 _aKoch, James V
245 0 _aIndustrial organization and prices
250 _a2nd ed.
260 _aNew Jersey
_bPrentice-Hall
_c1980
300 _avii, 504 p.
942 _cBK
999 _c213751
_d213751